<?xml version="1.0" encoding="UTF-8"?>
<collection xmlns="http://www.loc.gov/MARC21/slim">
 <record>
  <leader>01011nam a22002177a 4500</leader>
  <controlfield tag="001">NCT_64580</controlfield>
  <controlfield tag="008">190514b        xxu||||| |||| 00| 0 vie d</controlfield>
  <datafield tag="999" ind1=" " ind2=" ">
   <subfield code="c">3127</subfield>
   <subfield code="d">3127</subfield>
  </datafield>
  <datafield tag="020" ind1=" " ind2=" ">
   <subfield code="a">9786049710087</subfield>
   <subfield code="c">165000</subfield>
  </datafield>
  <datafield tag="082" ind1="0" ind2="4">
   <subfield code="2">23rd ed.</subfield>
   <subfield code="a">332.62092</subfield>
   <subfield code="b">B351/Q.1</subfield>
  </datafield>
  <datafield tag="100" ind1="1" ind2=" ">
   <subfield code="a">Belfort, Jordan</subfield>
  </datafield>
  <datafield tag="245" ind1="1" ind2="0">
   <subfield code="a">Sói già phố Wall</subfield>
   <subfield code="b">= The wolf of Wall street</subfield>
   <subfield code="n">Phần 1</subfield>
   <subfield code="c">Jordan Belfort ; Nguyễn Xuân Hồng (dịch)</subfield>
  </datafield>
  <datafield tag="250" ind1=" " ind2=" ">
   <subfield code="a">Tái bản lần thứ 4</subfield>
  </datafield>
  <datafield tag="260" ind1=" " ind2=" ">
   <subfield code="a">H.</subfield>
   <subfield code="b">Lao động</subfield>
   <subfield code="c">2018</subfield>
  </datafield>
  <datafield tag="300" ind1=" " ind2=" ">
   <subfield code="a">686 tr.</subfield>
   <subfield code="c">24cm</subfield>
  </datafield>
  <datafield tag="653" ind1=" " ind2=" ">
   <subfield code="a">Sách tham khảo</subfield>
  </datafield>
  <datafield tag="700" ind1="1" ind2=" ">
   <subfield code="a">Nguyễn Xuân Hồng</subfield>
   <subfield code="e">Dịch</subfield>
  </datafield>
  <datafield tag="942" ind1=" " ind2=" ">
   <subfield code="2">ddc</subfield>
   <subfield code="c">BK</subfield>
  </datafield>
  <datafield tag="952" ind1=" " ind2=" ">
   <subfield code="0">0</subfield>
   <subfield code="1">0</subfield>
   <subfield code="2">ddc</subfield>
   <subfield code="4">0</subfield>
   <subfield code="6">332_620920000000000_B351_Q_1</subfield>
   <subfield code="7">0</subfield>
   <subfield code="9">16881</subfield>
   <subfield code="a">000001</subfield>
   <subfield code="b">000001</subfield>
   <subfield code="d">2019-05-14</subfield>
   <subfield code="o">332.62092 B351/Q.1</subfield>
   <subfield code="p">TK.01361</subfield>
   <subfield code="r">2019-05-14</subfield>
   <subfield code="v">165000.00</subfield>
   <subfield code="w">2019-05-14</subfield>
   <subfield code="y">BK</subfield>
  </datafield>
  <datafield tag="952" ind1=" " ind2=" ">
   <subfield code="0">0</subfield>
   <subfield code="1">0</subfield>
   <subfield code="2">ddc</subfield>
   <subfield code="4">0</subfield>
   <subfield code="6">332_620920000000000_B351_Q_1</subfield>
   <subfield code="7">0</subfield>
   <subfield code="9">16882</subfield>
   <subfield code="a">000001</subfield>
   <subfield code="b">000001</subfield>
   <subfield code="d">2019-05-14</subfield>
   <subfield code="o">332.62092 B351/Q.1</subfield>
   <subfield code="p">TK.01362</subfield>
   <subfield code="r">2019-05-14</subfield>
   <subfield code="v">165000.00</subfield>
   <subfield code="w">2019-05-14</subfield>
   <subfield code="y">BK</subfield>
  </datafield>
  <datafield tag="980" ind1=" " ind2=" ">
   <subfield code="a">Thư viện Trường Đại học Nam Cần Thơ</subfield>
  </datafield>
 </record>
</collection>
